000 00620nam a2200205 a 4500
001 HUB033841
003 PILC
005 20160128110335.0
008 150609b xxu||||| |||| 00| 0 eng d
020 _a9789712724268
050 _aPN6019
_b .Si64 2011
100 _aSingh, Rosario Nem.
245 0 _aAnthology of world literature for college
_cRosario P. Nem Singh.
260 _aPasig City :
_b Anvil Publishing Inc.,
_c2011.
300 _avii, 258 p. :
_bill. ;
_c25 cm.
500 _aIncludes bibliogfraphical references.
650 _aAnthologies.
650 _aLiterature
_xCollections.
942 _2lcc
_cBK
999 _c284809
_d284809